Leyes de la química. teoria atómica molecular. estequiometría /
Guardado en:
| Autor Principal: | |
|---|---|
| Otros Autores: | |
| Formato: | Libro |
| Publicado: |
Buenos Aires :
Docencia,
1979
|
| Materias: | |
| Etiquetas: |
Agregar Etiqueta
Sin Etiquetas, Sea el primero en etiquetar este registro!
|
| LEADER | 01196nam a22002175a 4500 | ||
|---|---|---|---|
| 001 | CEM.cems004388 | ||
| 005 | 20060216000000.0 | ||
| 008 | 130507s1979##################000#0#####d | ||
| 003 | CEMS | ||
| 082 | 0 | 4 | |a 540 |
| 100 | 1 | |a Mezzacasa, José Luis | |
| 245 | 1 | 0 | |a Leyes de la química. teoria atómica molecular. estequiometría / |
| 260 | |a Buenos Aires : |b Docencia, |c 1979 | ||
| 300 | |a 80 p. | ||
| 505 | 0 | |a Sistemas materiales. Leyes gravimetricas. Teoria atomico-molecular. Leyes volumetricas del estado gaseoso. Pesos atomicos y moleculares. Estequiometria. Formulas moleculares. Periodicidad de los elementos. Tabla periodica de los elementos. Modelos atomicos. Configuración electronica. Uniones químicas. Nomenclatura inorganica. Enlaces covalentes. Oxigeno. Agua. Soluciónes acuosas. Sistemas coloidales. Acidos y bases. Sales. Termoquímica. Oxidación y reducción. Electroquímica. Cinetica química. Estatica química. Halogenos. Isotopos. Transformaciónes nucleares | |
| 653 | |a Ley de boyle-mariotte | ||
| 653 | |a Química | ||
| 653 | |a Química general | ||
| 653 | |a Sistemas materiales | ||
| 700 | 1 | |a Pere, Miguel Angel | |
| 859 | |a CEMS |b BIB. CEMS - 11 de abril |h 540 |i M579/IV |p 12892.84 |t Ej.1 | ||
